000 005390000a22002050004500
020 _a958-607-409-9
041 0 _aSPA
082 0 4 _aG 261.8344 J912d
100 1 _aJuan Pablo II (1920-2005)
245 1 0 _aDignidad de la mujer / Juan Pablo II
250 _a4
260 _aSantafé de Bogotá : Paulinas
300 _a94 Pág.
500 _aTítulo original : Mulieris dignitatem
001 14324
942 _cBK
999 _c43206
_d43206
336 _atexto
_btxt
_2rdacontent
337 _2rdamedia
_asin mediación
_bn
338 _2rdacarrier
_avolumen
_bnc